000 00809nam a2200241Ia 4500
003 OSt
005 20260129151129.0
008 210716s2009 xx 000 0 und d
020 _a9780070596931
040 _cAIMIT LIBRARY
041 _aeng
082 _a336
_25
_bMUSR
100 _aMusgrave, Richard A.
_9253177
245 _aPublic finance in theory and practice /
_cBy Richard A Musgrave and Peggy B Musgrave.
250 _a5th ed.
260 _aNew Delhi :
_bTata McGraw Hill Education Private Limited ,
_c2009.
300 _axvi,627p. ;
_bPB
_c23.1 cm
650 _aWhat the public sector is about
_9253178
650 _aAllocation distribution and public sector
_9253179
650 _aPrinciples of taxation
_9253180
700 _aMusgrave, Peggy B.
_9253181
942 _2ddc
_cBK
_e5th
_k336 MUSR
999 _c183551
_d183551